Estadísticas para Nombra las canciones del Álbum "Thriller"

Haz click aquí para intentar la prueba.

Estadísticas generales

  • Esta prueba ha sido intentada 6 veces
  • La puntuación promedio es 4 de 9

Estadísticas de respuestas

Respuesta% Correcto
4Thriller
100%
6Billie Jean
83%
5Beat It
67%
2Baby Be Mine
17%
7Human Nature
17%
8P.Y.T. (Pretty Young Thing)
17%
3The Girl Is Mine
17%
9The Lady in My Life
17%
1Wanna Be Startin' Something
17%

Distribución de puntuación

Porcentaje por número respondido

Porcentaje de gente con cada puntuación

Historial de tus puntuaciones

No has intentado esta prueba.